MARC details
| 000 -CABECERA |
| campo de control de longitud fija |
02663nam a2200433 a 4500 |
| 001 - NÚMERO DE CONTROL |
| campo de control |
000007425 |
| 005 - FECHA Y HORA DE LA ÚLTIMA TRANSACCIÓN |
| campo de control |
20240412074204.0 |
| 008 - DATOS DE LONGITUD FIJA--INFORMACIÓN GENERAL |
| campo de control de longitud fija |
090908t2005 dr 001 p spa d |
| 020 ## - NÚMERO INTERNACIONAL ESTÁNDAR DEL LIBRO |
| Número Internacional Estándar del Libro |
1932271449 |
| 040 ## - FUENTE DE LA CATALOGACIÓN |
| Centro catalogador/agencia de origen |
DO-SdBNP |
| Lengua de catalogación |
spa |
| Centro/agencia transcriptor |
BNPHU |
| 041 17 - CÓDIGO DE LENGUA |
| Código de lengua del texto/banda sonora o título independiente |
spa |
| Código de lengua original |
ita |
| 082 ## - NÚMERO DE LA CLASIFICACIÓN DECIMAL DEWEY |
| Número de clasificación |
RD861.508 |
| Número de documento/Ítem |
D542i |
| 245 00 - MENCIÓN DE TÍTULO |
| Título |
De ida y vuelta = andata e ritorno : |
| Resto del título |
antología de poetas de la diáspora dominicana = antologia di poeti della diaspora dominicana / |
| Mención de responsabilidad, etc. |
selección, traducción y prólogo por Fabio Farsi y Roberta Orlandini = selezione, traduzione e prologo di Fabio Farsi e Roberta Orlandini. |
| 246 11 - FORMA VARIANTE DE TÍTULO |
| Título propio/Titulo breve |
Andata e ritorno. |
| 260 ## - PUBLICACIÓN, DISTRIBUCIÓN, ETC. |
| Lugar de publicación, distribución, etc. |
San Juan, Puerto Rico : |
| Nombre del editor, distribuidor, etc. |
Isla Negra, |
| Fecha de publicación, distribución, etc. |
2005. |
| Lugar de fabricación/manufactura |
Santo Domingo : |
| Fabricante |
Búho, |
| 300 ## - DESCRIPCIÓN FÍSICA |
| Extensión |
90 p. ; |
| Dimensiones |
22 cm. |
| 490 1# - MENCIÓN DE SERIE |
| Mención de serie |
Los Nuevos Caníbales |
| 500 ## - NOTA GENERAL |
| Nota general |
Incluye datos biográficos de los autores. |
| 500 ## - NOTA GENERAL |
| Nota general |
Incluye bibliografía y notas a pie de página. |
| 505 0# - NOTA DE CONTENIDO CON FORMATO |
| Información miscelánea |
Prólogo : |
| Título |
De ida y vuelta. L@s poetas dominican@s de la diáspora / |
| Mención de responsabilidad |
Fabio Farsi, |
| -- |
Roberta Orlandini -- |
| Título |
Deshabitándome. Niebla de Luz. Epitafio / |
| Mención de responsabilidad |
Claribel Díaz -- |
| Título |
Animal de Sombras: Raga núm. uno, Raga núm. dos, Raga núm. tres / |
| Mención de responsabilidad |
Carlos Roberto Gómez Beras -- |
| Título |
Sin Dios para llorar la vida. Fiebre. Insomnio / |
| Mención de responsabilidad |
Frank Martínez -- |
| Título |
Las heridas. Cuerpo sublime. Homenaje a Isidore Ducasse... Sueño de Dios y Adán / |
| Mención de responsabilidad |
Rafael Hilario Medina -- |
| Título |
La República. Marina. Cuartel Babilonia. Cada día / |
| Mención de responsabilidad |
Homero Pumarol -- |
| Título |
Amanece. Volutas de invierno. Geografía nocturna / |
| Mención de responsabilidad |
Carlos Rodríguez -- |
| Título |
Vuelta. Roberto Juarroz. Jano / |
| Mención de responsabilidad |
Néstor E. Rodríguez -- |
| Título |
Silencio. De rumba me voy... Malabarista / |
| Mención de responsabilidad |
Yrene Santos -- |
| Título |
La permanencia. Parábola de duendes. Rapsodia para tontos / |
| Mención de responsabilidad |
Médar Serrata -- |
| Título |
De regreso. Pertenencias. Todo era nostalgia / |
| Mención de responsabilidad |
Rosa Silverio. |
| 546 ## - NOTA DE LENGUA/LENGUAJE |
| Nota de lengua/lenguaje |
Texto en español e italiano. |
| 590 ## - NOTA LOCAL (RLIN) |
| Nota local |
Inventariado, 2019 / DG |
| 650 #4 - PUNTO DE ACCESO ADICIONAL DE MATERIA--TÉRMINO DE MATERIA |
| Término de materia o nombre geográfico como elemento de entrada |
Poesía dominicana |
| Subdivisión general |
Colecciones |
| 9 (RLIN) |
351 |
| 650 #0 - PUNTO DE ACCESO ADICIONAL DE MATERIA--TÉRMINO DE MATERIA |
| Término de materia o nombre geográfico como elemento de entrada |
Literatura dominicana. |
| 9 (RLIN) |
67 |
| 700 1# - PUNTO DE ACCESO ADICIONAL--NOMBRE DE PERSONA |
| Nombre de persona |
Farsi, Fabio, |
| Fechas asociadas al nombre |
1956-, |
| Término indicativo de función/relación |
tr. y pról. |
| 9 (RLIN) |
20614 |
| 700 1# - PUNTO DE ACCESO ADICIONAL--NOMBRE DE PERSONA |
| Nombre de persona |
Orlandini, Roberta, |
| Fechas asociadas al nombre |
1956-, |
| Término indicativo de función/relación |
tr. y pról. |
| 9 (RLIN) |
20615 |
| 700 1# - PUNTO DE ACCESO ADICIONAL--NOMBRE DE PERSONA |
| Nombre de persona |
Díaz, Claribel, |
| Fechas asociadas al nombre |
1963- |
| 9 (RLIN) |
20616 |
| 700 1# - PUNTO DE ACCESO ADICIONAL--NOMBRE DE PERSONA |
| Nombre de persona |
Gómez Beras, Carlos Roberto, |
| Fechas asociadas al nombre |
1959- |
| 9 (RLIN) |
6916 |
| 700 1# - PUNTO DE ACCESO ADICIONAL--NOMBRE DE PERSONA |
| Nombre de persona |
Martínez, Frank, |
| Fechas asociadas al nombre |
1965- |
| 9 (RLIN) |
20617 |
| 700 1# - PUNTO DE ACCESO ADICIONAL--NOMBRE DE PERSONA |
| Nombre de persona |
Medina, Rafael Hilario, |
| Fechas asociadas al nombre |
1959- |
| 9 (RLIN) |
20618 |
| 700 1# - PUNTO DE ACCESO ADICIONAL--NOMBRE DE PERSONA |
| Nombre de persona |
Pumarol, Homero, |
| Fechas asociadas al nombre |
1971- |
| 9 (RLIN) |
20619 |
| 700 1# - PUNTO DE ACCESO ADICIONAL--NOMBRE DE PERSONA |
| Nombre de persona |
Rodríguez, Carlos, |
| Fechas asociadas al nombre |
1951-2001 |
| 9 (RLIN) |
20620 |
| 700 1# - PUNTO DE ACCESO ADICIONAL--NOMBRE DE PERSONA |
| Nombre de persona |
Rodríguez, Néstor, |
| Fechas asociadas al nombre |
1971- |
| 9 (RLIN) |
20621 |
| 700 1# - PUNTO DE ACCESO ADICIONAL--NOMBRE DE PERSONA |
| Nombre de persona |
Santos, Yrene, |
| Fechas asociadas al nombre |
1964- |
| 9 (RLIN) |
20622 |
| 700 1# - PUNTO DE ACCESO ADICIONAL--NOMBRE DE PERSONA |
| Nombre de persona |
Serrata, Médar, |
| Fechas asociadas al nombre |
1964- |
| 9 (RLIN) |
20623 |
| 700 1# - PUNTO DE ACCESO ADICIONAL--NOMBRE DE PERSONA |
| Nombre de persona |
Silverio, Rosa, |
| Fechas asociadas al nombre |
1978- |
| 9 (RLIN) |
20624 |
| 830 #0 - PUNTO DE ACCESO ADICIONAL DE SERIE-TÍTULO UNIFORME |
| Título uniforme |
Los Nuevos Caníbales |
| 9 (RLIN) |
635 |
| 910 ## - DATOS DE OPCIÓN DEL USUARIO (OCLC) |
| Datos de opción del usuario |
Validado. Control de calidad EMS. |